000 00758nam a22002057a 4500
999 _c12014
_d12014
003 AR-CdUCM
008 190405b ||||| |||| 00| 0 spa d
040 _aMUNICIPALIDAD PROVINCIAL DEL CUSCO
_cBIBLIOTECA MUNICIPAL DEL CUSCO
082 _aC / 985.613 /
_bV66
100 _aVillasante Ortiz, Segundo
_927858
245 _aPaucartambo :
_banécdotas, turismo y artistas /
260 _aCusco :
_bLeón,
_c1981.
300 _a144 páginas ;
_c20 cm.
505 _aContenido: Anécdotas de personajes notables -- Zonas turísticas -- Panes, comidas y bebidas típicas -- Artistas Paucartambo ...
650 _aHistoria de Paucartambo
_929665
650 _aAnécdotas
_92139
650 _aCostumbres
_9230
942 _2ddc
_cLIBROS
945 _aacv
_d05/04/2019